| 000 | 00868nam a2200277 4500 | ||
|---|---|---|---|
| 001 | 175974 | ||
| 003 | ES-MaACL | ||
| 005 | 20230906215945.0 | ||
| 008 | 101202r20071994sp a f |||| | spa d | ||
| 020 | _a84-7635-164-X | ||
| 080 | _a811(460) | ||
| 080 | _a811.134.2'282 | ||
| 100 | 1 |
_aGarcía Mouton, Pilar. _955007 |
|
| 245 | 1 | 0 |
_aLenguas y dialectos de España / _cPilar García Mouton. |
| 250 | _a5ª ed. | ||
| 260 |
_aMadrid : _bArco Libros, _c2007. |
||
| 300 |
_a62 p. : _bil. ; _c22 cm. |
||
| 490 | 1 |
_aCuadernos de lengua española ; _v20 |
|
| 501 | _aCon: Ejercicios, y sus soluciones: p. 54-59. | ||
| 504 | _aBibliografía: p. [62] | ||
| 650 | 0 | 7 |
_aLengua española- _xDialectos. _914136 |
| 651 | 7 |
_aEspaña- _xLenguas. _98381 |
|
| 830 | 0 |
_aCuadernos de lengua española ; _v20 _9223946 |
|
| 852 |
_aES-MaACL _j2304-F-6 |
||
| 999 |
_c175974 _d175974 |
||